El testimonio moral del nuevo testamento

में बचाया:
ग्रंथसूची विवरण
मुख्य लेखक: Schnackenburg, Rudolf (लेखक)
स्वरूप: पुस्तक
भाषा:स्पेनिश
प्रकाशित: Madrid Rialp 1965
संस्करण:1a. ed
श्रृंखला:Enciclopedia de la Etica y Moral Cristiana
विषय:
टैग: टैग जोड़ें
कोई टैग नहीं, इस रिकॉर्ड को टैग करने वाले पहले व्यक्ति बनें!

MARC

LEADER 00000cam a2200000 a 4500
001 UCR1186
003 CL-VaPUC
008 971212e19650000SP |||||||||||||||||spa|d
082 0 4 |a 225  |b SCH  |2 21 
100 0 |a Schnackenburg, Rudolf  |e author  |9 398102 
245 1 3 |a El testimonio moral del nuevo testamento 
250 |a 1a. ed 
300 |a 338 p 
942 |c BK 
945 |d 19971212 00:00:00  |a jquezada 
260 |a Madrid  |b Rialp  |c 1965 
650 0 |a Biblia  |9 257603 
650 0 |a Nuevo testamento  |9 257604 
650 0 |a Iglesia Católica  |9 256114 
650 0 |a Textos sagrados   |9 257605 
650 0 |a Ética cristiana   |9 308677 
650 0 |a Apóstoles   |9 444286 
583 |a last modification  |c 20170302 06:36:04  |k Rodrigo Vera 
490 0 |a Enciclopedia de la Etica y Moral Cristiana 
999 |c 264665  |d 264663 
952 |0 0  |1 0  |4 0  |6 225_000000000000000_SCH_1965  |7 0  |8 A  |9 295041  |a BIBTEO  |b BIBTEO  |d 2019-11-19  |i 3368475  |o 225 SCH 1965  |p 3368475  |r 2025-01-17  |w 2019-11-19  |y BK  |k ICR 
952 |0 0  |1 0  |3 erd  |4 0  |6 225_000000000000000_SCH_1965  |7 0  |8 A  |9 295042  |a BIBTEO  |b BIBTEO  |i 3419347  |o 225 SCH 1965  |p 3419347  |r 2025-01-17  |w 2019-11-19  |y BK  |z Catalogado en:20170303  |k ICR